|
|
|
|
| LEADER |
01807nam a2200409 i 4500 |
| 001 |
EBC5113181 |
| 003 |
MiAaPQ |
| 005 |
20200520144314.0 |
| 006 |
m o d | |
| 007 |
cr cnu|||||||| |
| 008 |
171128t20152015gw o 000 0 eng d |
| 020 |
|
|
|z 9783828206144
|
| 020 |
|
|
|a 9783110511628
|q (electronic bk.)
|
| 035 |
|
|
|a (MiAaPQ)EBC5113181
|
| 035 |
|
|
|a (Au-PeEL)EBL5113181
|
| 035 |
|
|
|a (CaPaEBR)ebr11461637
|
| 035 |
|
|
|a (OCoLC)1009181213
|
| 040 |
|
|
|a MiAaPQ
|b eng
|e rda
|e pn
|c MiAaPQ
|d MiAaPQ
|
| 050 |
|
4 |
|a HV6768
|b .C677 2015
|
| 082 |
0 |
|
|a 364.168
|2 23
|
| 245 |
0 |
0 |
|a Corruption at the grassroots-level-between temptation, norms, and culture /
|c edited by Johann Lambsdorff, and Gunther G. Schulze ; with contributions by Christoph Buhren, [and seventeen others].
|
| 264 |
|
1 |
|a Stuttgart, [Germany] :
|b Lucius & Lucius,
|c 2015.
|
| 264 |
|
4 |
|c 2015
|
| 300 |
|
|
|a 1 online resource (148 pages)
|
| 336 |
|
|
|a text
|2 rdacontent
|
| 337 |
|
|
|a computer
|2 rdamedia
|
| 338 |
|
|
|a online resource
|2 rdacarrier
|
| 588 |
|
|
|a Description based on online resource; title from PDF title page (EBC, viewed November 28, 2017).
|
| 590 |
|
|
|a Electronic reproduction. Ann Arbor, MI : ProQuest, 2016. Available via World Wide Web. Access may be limited to ProQuest affiliated libraries.
|
| 650 |
|
0 |
|a Corruption.
|
| 655 |
|
4 |
|a Electronic books.
|
| 700 |
1 |
|
|a Lambsdorff, Johann,
|e editor.
|
| 700 |
1 |
|
|a Schulze, Gunther G.,
|e editor.
|
| 700 |
1 |
|
|a Buhren, Christoph,
|e contributor.
|
| 776 |
0 |
8 |
|i Print version:
|t Corruption at the grassroots-level-between temptation, norms, and culture.
|d Stuttgart, [Germany] : Lucius & Lucius, c2015
|h approximately 148 pages
|z 9783828206144
|
| 797 |
2 |
|
|a ProQuest (Firm)
|
| 856 |
4 |
0 |
|u https://ebookcentral.proquest.com/lib/matrademy/detail.action?docID=5113181
|z Click to View
|